000 00580nam a22002057a 4500
003 OSt
005 20151104095153.0
008 150629b xxu||||| |||| 00| 0 eng d
020 _a978-950-17-7005-6
040 _cBCRI
082 _a133.5
100 1 _935241
_aZosi, Claudia Federica
245 1 0 _aCalendario Maya
_b: la cuenta sagrada del tiempo
_cClaudia Federica Zosi
250 _a1ª ed; 8ª reimp
260 _aBuenos Aires
_bInfinito
_c2009
300 _a160p
_bil.
_c20cm
490 _aInfinito
650 _929319
_aCuentos de ciencia ficción
942 _2ddc
_cBK
999 _c21620
_d21620